| 000 | 01150cam a2200361 i 4500 | ||
|---|---|---|---|
| 001 | 38760 | ||
| 003 | KOSZ 005 | ||
| 005 | 20200720144022.0 | ||
| 008 | 000321s2000 pl f |000 0 pol | ||
| 015 | _aPB 2000/8577 | ||
| 020 | _a8391126919 | ||
| 040 |
_aWA N _cWA N _dKOSZ 005/HR |
||
| 080 | _a664 | ||
| 080 | _a614.3 | ||
| 080 | _a658.56 | ||
| 100 | 1 |
_aDzwolak, Waldemar _eAutor |
|
| 245 | 1 | 0 |
_aDokumentowanie systemu HACCP w przemyśle spożywczym / _cWaldemar Dzwolak, Stefan Ziajka. |
| 260 |
_aOlsztyn : _b"Studio 108", _c2000. |
||
| 300 |
_a88 s. ; _c21 cm. |
||
| 336 |
_2rdacontent _aTekst _btxt |
||
| 337 |
_2rdamedia _aBez urządzenia pośredniczącego _bn |
||
| 338 |
_2rdacarrier _aWolumin _bnc |
||
| 380 | _aKsiążki | ||
| 380 | _aPublikacje fachowe | ||
| 388 | _a1901-2000 | ||
| 388 | _a1989-2000 | ||
| 504 | _aBibliogr. | ||
| 650 | 4 | _aAnaliza Zagrożeń i Krytycznych Punktów Kontroli (HACCP) | |
| 658 | _aRolnictwo i leśnictwo | ||
| 700 | 1 |
_aZiajka, Stefan _eAutor |
|
| 856 |
_uhttp://koha.tu.koszalin.pl/cgi-bin/koha/opac-detail.pl?biblionumber=38760 _yKatalog online BPK |
||
| 942 |
_2UKD _cKS |
||
| 999 |
_c38760 _d38760 |
||